000 00510nam a2200193 a 4500
005 20210219152842.0
008 991125n 000 0 eng u
035 _aUPN01000063100
100 _aMinnis, J. R.
222 _aCONVERGENCE
245 _aAdult education and the african state in the post cold war era
300 _a11-19
362 _a1993 26, no. 2
653 0 _aDEMOCRACIA
653 0 _aEDUCACION DE ADULTOS
653 0 _aROL DE LA EDUCACION
904 _aAC
_b000911
905 _aArticulo
999 _c61988
_d61988